000 00850nam a22002537a 4500
003 BUBTL
008 180127b xxu||||| |||| 00| 0 eng d
020 _a9788131733431
082 _a425/ Q482c/ 2010
100 _91782
_aQuirk,Randolph
245 _aA Comprehensive Grammar Of The English Language/
_cRandolph Quirk, Sidney Greenbaum, Geoffrey Leech, Jan Svartvik
250 _a1st Edn.
260 _aIndia:
_bPearson,
_cc2010
300 _ax,1779 p.:
_c22 cm.
500 _aIncludes Index
505 _a Grammar, English Language, Randolph Quirk, Sidney Greenbaum, Geoffrey Leech, Jan Svartvik
650 0 _aEnglish Language
_xLanguage
_94638
700 _91783
_aGreenbaum,Sidney
700 _91784
_aLeech,Geoffrey
700 _91785
_aSvartvik,Jan
856 _k0
_l0
_yDownload
942 _2ddc
_cBK
999 _c5671
_d5671